Kouřil, Pavel, 1950-. Hrady českého Slezka. - Brno [u.a.] : Archeologický ústav Akademie věd ČR. - 2000 [Rezension]
| Titel: | Kouřil, Pavel, 1950-. Hrady českého Slezka. - Brno [u.a.] : Archeologický ústav Akademie věd ČR. - 2000 [Rezension] |
|---|---|
| Verfasser: | |
| In: |
Archeologické rozhledy, Band 54 (2002), Seite 344-346 alle Artikel anzeigen |
| Veröffentlicht: | 2002 |
| Format: | Aufsatz |
| Sprache: | Tschechisch |
X
alg: 39516238
001A $01999:12-11-16
001B $01999:09-08-21 $t17:41:36.000
001C $06060:22-03-17 $t01:26:29.000
001D $01999:12-11-16
001U $0utf8
001X $00
002@ $0Aox
003@ $0395162386
007A $0395162386 $aHEB
007T $0Herdp18008
010@ $acze
011@ $a2002
021A $aKouřil, Pavel, 1950-. Hrady českého Slezka. - Brno {[u.a.] : Archeologický ústav Akademie věd ČR. - 2000 [Rezension]
028A $7133924734 $8Plaček, Miroslav$Z1943- [Tp1] $9194970302
031A $d54 $h344-346 $j2002
039B $aIn $8--Abvc--. Archeologické rozhledy. - Praha, 1949-. - ISSN 0323-1267 $x200200000540000656 $9047286156
039T $8--Aau--Kouřil, Pavel$Z1950- [Tp3]. Hrady českého Slezka. - Brno {[u.a.] : Archeologický ústav Akademie věd ČR, 2000. - 645 S.. - Ill., graph. Darst.. - ISBN 80-86023-22-2 $9094320225
045F $a900.94371 $eDDC23BSB
045F/01 $a900
045F/03 $g4371
045F/03 $g4385
045T $a6,14 $a6,11 $a6,12
lok: 39516238 78
exp: 39516238 78 1 #EPN
201B/01 $026-11-17 $t04:02:25.000
201U/01 $0utf8
203@/01 $0791467430
208@/01 $a12-11-16 $be
209A/01 $a/ $f000 $x00
220C/01 $aTitelaufnehmer: rb
220C/01 $aHerkunft: Hú Av Čr Praha
244Z/01 $#Tschechien $#Tschechische Republik $#Tschechische Republik $#Tschechenland $#Tschechei Tschechien $#Česká Republika $#Czech Republic $#ČR $74303381-7 $8--Tg1--Tschechien $x01 $9086659812
244Z/01 $2Trx $#Böhmen $#Bohemia $#Czechy $8--Trx--Čechy $x02 $9391188941
244Z/01 $2Trx $#Silesia $#Śląsk $#Sliezsko $#Slezsko $8--Trx--Schlesien $x03 $9391173987
244Z/01 $2Trx $#arvustused $#recenzijos $#Reviews $#recenziók $#recenzje $#recenzie $#recenze $8--Trx--Rezensionen $x04 $9391357441
247C/01 $82080>Marburg/Lahn, Herder-Institut, Forschungsbibliothek, Bibliographieportal $9336309341
| LEADER | 00000caa a22000002c 4500 | ||
|---|---|---|---|
| 001 | 395162386 | ||
| 003 | DE-603 | ||
| 005 | 20210809174136.0 | ||
| 007 | tu | ||
| 008 | 161112s2002 xx |||| | u00||u|cze c | ||
| 035 | |a (DE-599)HEB395162386 | ||
| 040 | |a DE-603 |b ger |c DE-603 |d DE-603 | ||
| 041 | |a cze | ||
| 082 | 0 | 4 | |8 1\u |a 900.94371 |q DE-101 |2 23/BSB |
| 084 | |a 6,14 |a 6,11 |a 6,12 |2 ssgn | ||
| 085 | |8 1\u |b 900 | ||
| 085 | |8 1\u |z 2 |s 4371 | ||
| 085 | |8 1\u |z 2 |s 4385 | ||
| 100 | 1 | |a Plaček, Miroslav |d 1943- |0 (DE-603)194970302 |0 (DE-588)133924734 |2 gnd | |
| 245 | 0 | 0 | |a Kouřil, Pavel, 1950-. Hrady českého Slezka. - Brno [u.a.] : Archeologický ústav Akademie věd ČR. - 2000 [Rezension] |
| 264 | 0 | |c 2002 | |
| 773 | 0 | 8 | |i In |t Archeologické rozhledy |d Praha, 1949- |x 0323-1267 |g Band 54 (2002), Seite 344-346 |w (DE-603)047286156 |w (DE-600)205634-3 |
| 787 | 0 | 8 | |i Rezension von |a Kouřil, Pavel, 1950- |t Hrady českého Slezka |d Brno [u.a.] : Archeologický ústav Akademie věd ČR, 2000 |h 645 S., Ill., graph. Darst. |z 8086023222 |w (DE-603)094320225 |
| 924 | 0 | |9 2080 |a (DE-603)791467430 |b DE-2080 |c HES |d d |g / | |


